000 00692nam a22002057a 4500
999 _c166382
_d166382
005 20190722154509.0
010 _aENG-126042
020 _a9789353066314
_c729.00
035 _aEN-109574
037 _bDBAD/PUB
082 _a658.401
245 _aTotal quality management /
_cby Dale H.Besterfield ...[et al]
250 _a5th ed.
260 _aNoida
_bPearson India Education
_c2019
270 _a15th Floor, Tower-B, World Trade Tower, Plot No. 1, Block-C, Sector 16
_bNoida, Uttar Pradesh
_e201301
300 _axxi,622p.
_c23cm(pbk)
500 _aIncludes bibliographical references and index
700 _aBesterfield, Dale H.
942 _2ddc
_cEN
_h653.401
_mTOT